00514 2200205 4500001002100000005001500021035002000036245005700056100002000113250001100133300001200144260003100156082000800187084001400195020001800209008004100227650001800268990001100286990001100297INLIS00000000000179020250509080954 a0010-12240000431 aPembunuhan abc :bthe abc murders /cAgatha Christie0 aAgatha Christie aCet.15 a316 hlm aJakarta :bGramedia,c2023 a823 a823 AGA p a9789792285239250509 0  4aNovel Inggris a003729 a003730